Dates histoire contemporaine CAPES - Statistiques

Statistiques générales
  • Ce quiz a été pris 105 fois
    100 depuis la dernière actualisation
  • Le résultat moyen est 13 sur 88
Statistiques - réponses
Hint Réponse % Correct
Retour de De Gaulle au pouvoir et début de la Ve République. L’Union Française devient la Communauté Française, avec des États membres associés à la France (souveraineté limitée) 1958
79%
Capitulation de l’Allemagne et fin de la Seconde guerre mondiale 8 mai 1945
43%
Suppression du décret Crémieux de 1870 qui donnait la citoyenneté aux juifs d’Algérie 1942
40%
Abolition du Code de l’Indigénat en Algérie → égalité des droits et devoirs entre Français musulmans et Français non musulmans (seulement pour les hommes 1944
40%
Guerre du Rif menée par Abdelkrim (première guerre d’indépendance) 1921-1927
36%
Décret Crémieux qui accorde la citoyenneté aux juifs d’Algérie 1870
34%
Indépendance de la Tunisie 1956
34%
Célébration du centenaire de la conquête de l’Algérie 1930
32%
Armistice et fin de la Première guerre mondiale 11 novembre 1918
30%
Début de la conquête de l’Algérie 1830
26%
Conférence de Brazzaville pour déterminer l'avenir de l'Empire colonial français 1944
26%
Départementalisation des vieilles colonies (Guyane, Martinique, Guadeloupe, Réunion) 1946
26%
Crise de Fachoda entre la France et le Royaume-Uni (humiliation pour la France) 1898
23%
Plan Sarraut (par Albert Sarraut, ministre des Colonies) qui prévoit une mise en valeur des colonies par de grands investissements de la métropole (jamais mis en pratique) 1920
23%
Assemblée constituante pour rédiger une nouvelle constitution. Adoption de la Constitution de la IVe République et création de l’Union Française 1946
23%
Protectorat français en Tunisie 1881
21%
Discours de Jules Ferry au Parlement qui pose les bases de la politique coloniale 1885
21%
Création du Ministère des colonies 1894
21%
Deuxième guerre de Madagascar et annexion de l’île qui devient une colonie 1896
21%
Ouvrage La force noire de Charles Manguin qui démontre l’utilité des tirailleurs sénégalais 1910
21%
Conférence de la paix à Paris qui partage les colonies allemandes entre les vainqueurs. La France récupère le Togo et le Cameroun qui deviennent des « territoires sous mandat de la SDN » 1919
21%
Création de l’Étoile Nord-Africaine (ENA) par Messali Hadj à Paris 1926
21%
Création du FLN (Front de libération nationale). Début de la guerre d’Algérie 1954
21%
Indépendance du Maroc 1956
21%
Conférence de Berlin qui établit les règles de l’occupation coloniale → accélération des conquêtes européennes en Afrique (la course au clocher) 1884-1885
19%
Création de l’AOF (Afrique Occidentale Française) 1895
19%
Début du chantier du chemin de fer de Congo-Océan qui recrute 127 000 hommes 1921
19%
Loi Houphouët-Boigny qui abolit le travail forcé 1946
19%
Abolition du Code de l’Indigénat dans toutes les colonies 1946
19%
Pierre de Brazza signe un accord avec le roi Makoko qui cède sa souveraineté à la France 1880
17%
Création de l’AEF (Afrique équatoriale Française) 1910
17%
Protectorat français au Maroc 1912
17%
Exposition coloniale de Paris organisée par Hubert Lyautey (8 millions de visiteurs) 1931
17%
Dissolution de l’Étoile Nord-Africaine, qui devient le Parti du peuple algérien (PPA) 1937
17%
Les Britanniques alliés à la France libre reprennent Madagascar contrôlée par Vichy 1942
17%
Déclaration d’indépendance de l’Algérie 5 juillet 1962
17%
Félix Eboué, gouverneur du Tchad, se rallie à la France Libre et entraîne derrière lui l’AEF 1940
15%
Insurrection de Madagascar et dissolution du MDRM 1947
15%
Code de l’Indigénat qui établit un régime pénal spécifique aux populations colonisées 1881
13%
Création de l’École normale William Ponty à Saint-Louis (Sénégal) 1903
13%
Droit de vote accordé aux Algériennes 1958
13%
Tournée de De Gaulle en Afrique pour que les populations votent « oui » au référendum pour valider la nouvelle constitution 1958
13%
Indépendance de Madagascar, Somalie, Dahomey/Bénin, Niger, Burkina Faso, Côte d’Ivoire, Tchad, Centrafrique, Congo, Gabon, Sénégal, Soudan Français/Mali et Mauritanie 1960
13%
Création de l’OAS (Organisation de l’armée secrète) opposé à l’indépendance de l’Algérie 1961
13%
Début de la mobilisation française pour la Première guerre mondiale 2 août 1914
13%
Départementalisation de l’Algérie (Alger, Oran, Constantine) 1848
11%
Loi de naturalisation des européens non-Français en Algérie qui deviennent citoyens 1889
11%
Arrestation de Samori, fondateur de l’Empire Wassoulou, par le général Gouraud 1898
11%
Interdiction de Vy Vato Sakelila et répression de ses membres 1915
11%
Convention de la SDN et l’Organisation Internationale du Travail qui interdit le travail forcé 1930
11%
Massacre de Chasselay, 200 tirailleurs sénégalais sont exécutés par les Allemands 1940
11%
Création du Mouvement démocratique pour la rénovation malgache (MDRM) par d’anciens membres de Vy Vato Sakelika, ensuite interdit en 1947 1946
11%
Loi Lamine Guèye qui accorde la citoyenneté à tous les sujets de l’empire 1946
11%
Dissolution de l’UPC et lutte armée jusqu’à l’indépendance du Cameroun en 1960 1955
11%
Loi-cadre Defferre qui renforce l’autonomie des gouvernements locaux par la création d’un Conseil de gouvernement dans chaque territoire d’outre-mer 1956
11%
Indépendance de la Guinée de Sékou Touré, qui vote majoritairement « non » au référendum 1958
11%
Opération Torch, débarquement des troupes américaines pour libérer l’Afrique du Nord des Allemands, des Italiens et de Vichy Novembre 1942
11%
Boubou-Penda, l’interprète indigène d’Ernest Noirot (administrateur en Guinée), est accusé d’abus de pouvoir puis emprisonné 1905
9%
Loi Blaise Diagne qui accorde la citoyenneté aux habitants des Quatre Communes 1916
9%
Les caïds indigènes en Algérie deviennent fonctionnaires 1919
9%
Création du RDA (Rassemblement démocratique africain) en AOF 1946
9%
Loi de reconnaissance officielle de la Guerre d’Algérie 1999
9%
La France déclare la guerre à l’Allemagne 1er septembre 1939
9%
Bataille du Chemin des Dames (Offensive Nivelle) où 50% des tirailleurs sénégalais présents sont tués. Image de chair à canon des soldats coloniaux Avril 1917
9%
Défaite de la France et division de l’empire entre la France Libre et la France de Vichy Juin 1940
9%
Signature des accords d’Évian qui met fin à la guerre d’Algérie 18 mars 1962
6%
Création de la société secrète nationaliste Vy Vato Sakelika à Madagascar 1913
6%
Ceux qui s’engagent volontairement ne sont plus soumis au Code de l’Indigénat 1918
6%
Création de la colonie de Haute-Volta afin de recruter de la main d’œuvre pour les cultures obligatoires de coton en culture sèche (échec : rendements faibles, crise alimentaire) 1919
6%
Création d’une École normale de jeunes filles à Rufisque pour former les institutrices 1938
6%
Violente répression de la manifestation du Parti du Peuple Algérien (PPA, parti interdit) qui réclame l’indépendance 8 mai 1945
6%
Guerre du Bani-Volta en Haute-Volta contre les recrutements forcés 1915-1916
4%
Suppression de la colonie de Haute-Volta, dont le sud est rattaché à la Côte d’Ivoire pour que ses habitants viennent travailler dans l’empire français plutôt qu’en Gold Coast britannique 1932
4%
Création de la Fédération du Mali qui rassemble le Sénégal, le Soudan Français, le Dahomey et la Haute-Volta → pouvoir central détenu par la France 1959
4%
La Charte de l’Atlantique négociée entre Churchill et Roosevelt décrète « le droit des peuples à choisir leur gouvernement », et circule dans les milieux nationalistes africains Août 1941
4%
Massacre de Thiaroye (Sénégal) après une révolte de tirailleurs sénégalais qui réclament leur prime de démobilisation Décembre 1944
4%
Création du corps militaire des tirailleurs sénégalais par Faidherbe, gouverneur du Sénégal 1857
2%
Création de l’École Coloniale de Paris qui forme les administrateurs des colonies 1889
2%
Mouvements de Jeunes-Algériens, Jeunes-Tunisiens et Jeunes-Sénégalais qui demandent la citoyenneté française en échange de la conscription obligatoire 1906
2%
Création de l’Université d’Alger 1909
2%
Émeute des ouvriers métropolitains qui tuent 17 ouvriers marocains au Havre, les accusant d’être responsables des mauvaises conditions de travail et des baisses de salaire 1917
2%
Dissolution du PPA qui devient le MTLD (Mouvement pour le triomphe des libertés démocratiques) en Algérie 1946
2%
Loi en Afrique Subsaharienne qui permet aux femmes de 2 enfants de voter 1951
2%
Création du Conseil de l’Entente par Félix Houphouët-Boigny (Côte d’Ivoire) qui rallie le Dahomey et la Haute-Volta → pouvoir détenu par les États fédérés malgré un lien avec la France 1959
2%
Référendum pour ratifier les accords d’Évian → 99% de « oui » 1er juillet 1962
2%
Création du PDCI (Parti démocratique de la Côte d’Ivoire) qui se rattache au RDA 1946
0%
Création de l’UPC (Union des populations du Cameroun) qui se détache du RDA 1948
0%
Léon M’Ba (Gabon) négocie pour devenir un département français mais la métropole refuse 1958
0%
Aucun quiz correspondant
Distribution des résultats
% des personnes avec chaque résultat
Percentile par nombre de réponses
Votre historique - résultats
Vous n’avez pas pris ce quiz depuis la dernière actualisation